Statystyki dla Polscy Piłkarze na Olimpiadzie 1972

Kliknij tutaj aby rozwiązać quiz!

Ogólne statystyki

  • Ten quiz został rozwiązany 148 razy
  • Średni wynik to 8 z 20

Statystyki odpowiedzi

% Poprawnych
15Stal MielecGrzegorz Lato
92%
9Legia WarszawaKazimierz Deyna
92%
10Górnik ZabrzeWłodzimierz Lubański
73%
3Górnik ZabrzeJerzy Gorgoń
60%
11Legia WarszawaRobert Gadocha
60%
TrenerKazimierz Górski
58%
2Wisła KrakówAntoni Szymanowski
48%
1Górnik ZabrzeHubert Kostka
44%
5Legia WarszawaLesław Ćmikiewicz
38%
12Wisła KrakówKazimierz Kmiecik
35%
19Odra OpoleZbigniew Gut
29%
6Ruch ChorzówZygmunt Maszczyk
29%
8Górnik ZabrzeZygfryd Szołtysik
25%
17Zagłębie SosnowiecAndrzej Jarosik
23%
16Ruch ChorzówJoachim Marx
21%
18Zagłębie WałbrzychMarian Szeja
19%
4Górnik ZabrzeZygmunt Anczok
19%
13Gwardia WarszawaJerzy Kraska
17%
14Ruch ChorzówMarian Ostafiński
17%
7Gwardia WarszawaRyszard Szymczak
15%

Rozkład punktacji

Percentyl według liczby udzielonych odpowiedzi

Procent ludzi z każdym wynikiem

Twoja historia wyników

Nie rozwiązałeś tego quizu